Mayn veg aleyn. (Record no. 33295)

MARC details
000 -LEADER
fixed length control field 00479cam a22001931 4500
001 - CONTROL NUMBER
control field he 68001423
003 - CONTROL NUMBER IDENTIFIER
control field DLC
005 - DATE AND TIME OF LATEST TRANSACTION
control field 20260227111458.0
008 - FIXED-LENGTH DATA ELEMENTS--GENERAL INFORMATION
fixed length control field 841019s1968 is 000 1 yid
010 ## - LIBRARY OF CONGRESS CONTROL NUMBER
LC control number he 68001423
035 ## - SYSTEM CONTROL NUMBER
System control number (OCoLC)11285639
040 ## - CATALOGING SOURCE
Original cataloging agency DLC
Transcribing agency PP
Modifying agency DLC
042 ## - AUTHENTICATION CODE
Authentication code premarc
050 00 - LIBRARY OF CONGRESS CALL NUMBER
Classification number PN3035
Item number .G65
100 1# - MAIN ENTRY--PERSONAL NAME
Personal name Grober, Chayele,
Dates associated with a name 1896-
245 10 - TITLE STATEMENT
Title Mayn veg aleyn.
260 ## - PUBLICATION, DISTRIBUTION, ETC.
Place of publication, distribution, etc. Tel-Aviv,
Name of publisher, distributor, etc. I.L. Peretz,
Date of publication, distribution, etc. 1968.
300 ## - PHYSICAL DESCRIPTION
Extent 243 p.
Other physical details illus.
Dimensions 22 cm.

No items available.

Powered by Koha